| 000 | 00620nam a2200181Ia 4500 | ||
|---|---|---|---|
| 008 | 0000001985 sp a 0000000000spa00 | ||
| 090 | _aPSP00 A77f | ||
| 245 | 1 | 0 |
_aFrederic Amat _c/ Art Cologne 1985 |
| 300 |
_a1 plegable [6] p. _c/ 20 cm. |
||
| 500 | _aCon el patronazgo del maestro venezolano Jesús Rafael Soto (q.e.p.d.) \ | ||
| 600 | 0 | 0 |
_aAMAT, FREDERIC, 1952/ _xTRABAJOS PICTORICOS |
| 650 | 1 | 4 | _aARTE CONTEMPORANEO ESPAÑOL |
| 650 | 1 | 4 | _xCATALOGOS |
| 650 | 1 | 4 | _xEXPOSICIONES |
| 650 | 1 | 4 | _aPINTORES ESPAÑOLES |
| 650 | 1 | 4 | _aPINTURA ESPAÑOLA |
| 999 |
_c6722 _d6722 |
||
| 260 |
_aBarcelona : Galeria Joan Prats _c1985 |
||